000 00360nam a2200145Ia 4500
008 231217s9999 xx 000 0 und d
041 _aEnglish
082 _a001.642 MIL
100 _aMilenkovic, Milan
245 0 _aOperating systems: Concepts and design
260 _c1987
_bMcGraw-Hill,
300 _a568
650 _aOperating systems
942 _cAA
999 _c161854
_d161854